| Tag |
First Indicator |
Second Indicator |
Subfields |
| LEADER |
00000pam a2200000 i 4500 |
| 001 |
in00000492002 |
| 005 |
20151013052246.0 |
| 008 |
750103r1975 nyu b 00110 eng |
| 010 |
|
|
|a 74026293
|
| 020 |
|
|
|a 0405066198
|
| 035 |
|
|
|a (OCoLC)01169854
|
| 035 |
|
|
|9 ACB4783AM
|
| 040 |
|
|
|a DLC
|c DLC
|d TXA
|d UtOrBLW
|
| 049 |
|
|
|a TXAM
|c [1392752]
|
| 050 |
0 |
0 |
|a QC16.N7
|b S56 1975
|
| 082 |
0 |
|
|a 531./5
|
| 100 |
1 |
|
|a Snow, A. J.
|q (Adolph Judah),
|d 1894-1994.
|
| 245 |
1 |
0 |
|a Matter & gravity in Newton's physical philosophy /
|c by A. J. Snow.
|
| 264 |
|
1 |
|a New York :
|b Arno Press,
|c 1975
|
| 264 |
|
4 |
|c ©1926
|
| 300 |
|
|
|a 256 pages ;
|c 21 cm.
|
| 336 |
|
|
|a text
|b txt
|2 rdacontent
|
| 337 |
|
|
|a unmediated
|b n
|2 rdamedia
|
| 338 |
|
|
|a volume
|b nc
|2 rdacarrier
|
| 490 |
1 |
|
|a History, philosophy, and sociology of science
|
| 500 |
|
|
|a Reprint of the edition published by Oxford University Press.
|
| 500 |
|
|
|a Includes index.
|
| 504 |
|
|
|a Bibliography: pages [236]-250.
|
| 600 |
1 |
0 |
|a Newton, Isaac,
|d 1642-1727.
|
| 650 |
|
0 |
|a Matter.
|
| 650 |
|
0 |
|a Gravitation.
|
| 830 |
|
0 |
|a History, philosophy and sociology of science.
|
| 999 |
|
|
|a MARS
|
| 999 |
f |
f |
|s 1fc591fc-0a7c-36db-839e-b345e7e2600e
|i c458e7d4-3a6b-38e0-b384-2361d1ba7022
|t 0
|
| 952 |
f |
f |
|p normal
|a Texas A&M University
|b College Station
|c Sterling C. Evans Library
|d Evans: Library Stacks
|t 0
|e QC16.N7 S56 1975
|h Library of Congress classification
|i unmediated -- volume
|m A14804591199
|
| 998 |
f |
f |
|a QC16.N7 S56 1975
|t 0
|l Evans: Library Stacks
|